<?xml version="1.0" encoding="UTF-8"?><?xml-stylesheet type="text/xsl" href="static/style.xsl"?><OAI-PMH xmlns="http://www.openarchives.org/OAI/2.0/" xmlns:xsi="http://www.w3.org/2001/XMLSchema-instance" xsi:schemaLocation="http://www.openarchives.org/OAI/2.0/ http://www.openarchives.org/OAI/2.0/OAI-PMH.xsd"><responseDate>2026-06-02T21:33:18Z</responseDate><request verb="GetRecord" identifier="oai:riuma.uma.es:10630/28224" metadataPrefix="marc">https://riuma.uma.es/rest/oai/request</request><GetRecord><record><header><identifier>oai:riuma.uma.es:10630/28224</identifier><datestamp>2026-02-03T12:19:05Z</datestamp><setSpec>com_10630_2254</setSpec><setSpec>col_10630_37959</setSpec></header><metadata><record xmlns="http://www.loc.gov/MARC21/slim" xmlns:dcterms="http://purl.org/dc/terms/" xmlns:doc="http://www.lyncode.com/xoai" xmlns:xsi="http://www.w3.org/2001/XMLSchema-instance" xsi:schemaLocation="http://www.loc.gov/MARC21/slim http://www.loc.gov/standards/marcxml/schema/MARC21slim.xsd">
   <leader>00925njm 22002777a 4500</leader>
   <datafield ind2=" " ind1=" " tag="042">
      <subfield code="a">dc</subfield>
   </datafield>
   <datafield ind2=" " ind1=" " tag="720">
      <subfield code="a">Ventura- Espejo, Marta</subfield>
      <subfield code="e">author</subfield>
   </datafield>
   <datafield ind2=" " ind1=" " tag="720">
      <subfield code="a">Cristófol-Rodríguez, María del Carmen</subfield>
      <subfield code="e">author</subfield>
   </datafield>
   <datafield ind2=" " ind1=" " tag="260">
      <subfield code="c">2023-11</subfield>
   </datafield>
   <datafield ind2=" " ind1=" " tag="520">
      <subfield code="a">Esta investigación tiene como objetivo prioritario analizar el tratamiento informativo de la cirugía estética a través del estudio de reportajes en los que se desarrolla esta temática, desde el año 2015 hasta finales del año 2022. Para ello, se han examinado en profundidad las diferentes revistas especializadas en moda y belleza femenina, que según EGM lideran el mercado; estas son las siguientes: Cosmopolitan, Elle, Harper’s Bazaar, InStyle, Marie Claire, Telva, Vanity Fair, Vogue, Woman Madame Figaro.&#xd;
El análisis de contenido de estas revistas se ha hecho mediante la herramienta hemerográfica MyNews, teniendo en cuenta las siguientes variables: revista, fecha, dimensión, tipo de noticia en la que aparece(n) la(s) palabra(s), si tiene elementos gráficos o no, y si hace alusión a alguna clínica estética o marca de laboratorio concreta. Añadir, que las palabras que se han tenido en cuenta son: cirugía estética, mamoplastia, liposucción, blefaroplastia, rinoplastia, abdominoplastia, mastopexia, relleno facial, lifting facial y gleteoplastia, que, según el medio Saludiario, el medio para médicos, son las cirugías que se encuentran más demandadas a nivel mundial en el año 2020, llegando a realizarse en ese año un total de 10.129.528 de operaciones en el mundo.&#xd;
Finalmente, de este estudio se extraerán diferentes conclusiones sobre qué tipo de información se puede obtener de estas revistas; el formato en el que se presenta, si es una noticia, reportaje, crónica, editorial, entrevista, entre otras; la importancia que tiene dentro del medio y la banalidad o no con la que se ofrece la información.</subfield>
   </datafield>
   <datafield ind1="8" ind2=" " tag="024">
      <subfield code="a">https://hdl.handle.net/10630/28224</subfield>
   </datafield>
   <datafield tag="653" ind2=" " ind1=" ">
      <subfield code="a">Mujeres - En la prensa</subfield>
   </datafield>
   <datafield tag="653" ind2=" " ind1=" ">
      <subfield code="a">Moda - Periódicos y revistas</subfield>
   </datafield>
   <datafield tag="653" ind2=" " ind1=" ">
      <subfield code="a">Cirugía plástica - En la prensa</subfield>
   </datafield>
   <datafield ind2="0" ind1="0" tag="245">
      <subfield code="a">Tratamiento informativo de la cirugía estética en las revistas especializadas en moda femenina en España.</subfield>
   </datafield>
</record>
</metadata></record></GetRecord></OAI-PMH>